[Event "AUT-chT2O 0910"]
[Site "Austria"]
[Date "2010.03.27"]
[Round "8.3"]
[White "Wallner, Alfred"]
[Black "Riedner, Martin"]
[Result "1/2-1/2"]
[WhiteElo "2285"]
[BlackElo "2189"]
[PlyCount "80"]
[EventDate "2009.10.17"]
[EventType "team-tourn"]
[EventRounds "11"]
[EventCountry "AUT"]
[SourceTitle "EXT 2011"]
[Source "ChessBase"]
[SourceDate "2010.11.26"]
[SourceVersion "1"]
[SourceVersionDate "2010.11.26"]
[SourceQuality "1"]
[WhiteTeam "Tschaturanga"]
[BlackTeam "Mattersburg"]
[WhiteTeamCountry "AUT"]
[BlackTeamCountry "AUT"]

1. e4 e6 2. d4 d5 3. Nd2 Be7 4. Ngf3 Nf6 5. e5 Nfd7 6. Bd3 c5 7. c3 Nc6 8. 0-0 Qb6 9. dxc5 Qc7 10. Nb3 Ndxe5 11. Nxe5 Qxe5 12. Be3 Qc7 13. Nd4 0-0 14. b4 e5 15. Nf5 Bf6 16. f3 Be6 17. Qe1 d4 18. Bd2 dxc3 19. Bxc3 Nd4 20. Nxd4 exd4 21. Bd2 Rfe8 22. Qc1 Bd5 23. Qc2 g6 24. Rae1 Rxe1 25. Bxe1 Be5 26. g3 Rd8 27. f4 Bg7 28. f5 b6 29. fxg6 hxg6 30. cxb6 Qxb6 31. Qc5 Qe6 32. Bd2 Be5 33. Re1 Qh3 34. Bf1 Qh8 35. Qe7 Bf6 36. Qe8+ Rxe8 37. Rxe8+ Kg7 38. Rxh8 Kxh8 39. a3 Be4 40. Bg2 Bd3 1/2-1/2

[Event "AUT-chT2O 0506"]
[Site "Austria"]
[Date "2006.02.25"]
[Round "8.6"]
[White "Vajda, Szidonia"]
[Black "Wallner, Alfred"]
[Result "1/2-1/2"]
[WhiteElo "2396"]
[BlackElo "2246"]
[PlyCount "60"]
[EventDate "2005.11.19"]
[EventType "team"]
[EventRounds "11"]
[EventCountry "AUT"]
[SourceTitle "EXT 2006"]
[Source "ChessBase"]
[SourceDate "2005.11.24"]
[SourceVersion "1"]
[SourceVersionDate "2005.11.24"]
[SourceQuality "1"]
[WhiteTeam "Lackenbach"]
[BlackTeam "Tschaturanga"]
[WhiteTeamCountry "AUT"]
[BlackTeamCountry "AUT"]

1. e4 c5 2. c3 Nf6 3. e5 Nd5 4. d4 cxd4 5. Nf3 e6 6. cxd4 b6 7. Nc3 Nxc3 8. bxc3 Qc7 9. Bd2 Bb7 10. Bd3 d6 11. 0-0 Nd7 12. Ng5 dxe5 13. Qh5 Nf6 14. Nxe6 Qc6 15. d5 Qxe6 16. Bb5+ Ke7 17. Qg5 h6 18. Qg3 Nxd5 19. Rae1 f6 20. f4 Kf7 21. fxe5 Bc5+ 22. Kh1 f5 23. Bd7 Qe7 24. Bxf5 Kg8 25. Bg6 Rf8 26. e6 Rxf1+ 27. Rxf1 Qxe6 28. Qb8+ Qc8 29. Qxc8+ Bxc8 30. Bf7+ Kh7 1/2-1/2

[Event "AUT-chT2O 0506"]
[Site "Austria"]
[Date "2006.01.15"]
[Round "6.5"]
[White "Wallner, Alfred"]
[Black "Hangweyrer, Manfred"]
[Result "1/2-1/2"]
[WhiteElo "2246"]
[BlackElo "2332"]
[PlyCount "21"]
[EventDate "2005.11.19"]
[EventType "team"]
[EventRounds "11"]
[EventCountry "AUT"]
[SourceTitle "EXT 2006"]
[Source "ChessBase"]
[SourceDate "2005.11.24"]
[SourceVersion "1"]
[SourceVersionDate "2005.11.24"]
[SourceQuality "1"]
[WhiteTeam "Tschaturanga"]
[BlackTeam "Stockerau"]
[WhiteTeamCountry "AUT"]
[BlackTeamCountry "AUT"]

1. e4 d5 2. exd5 Nf6 3. Nf3 Nxd5 4. d4 Bf5 5. Nh4 Bd7 6. c4 e6 7. Nf3 Bb4+ 8. Bd2 Bxd2+ 9. Qxd2 Nf6 10. Nc3 0-0 11. Be2 1/2-1/2

[Event "AUT-chT2O 0506"]
[Site "Austria"]
[Date "2005.10.09"]
[Round "2.3"]
[White "Wallner, Alfred"]
[Black "Salamon, Werner"]
[Result "1-0"]
[WhiteElo "2246"]
[BlackElo "2170"]
[PlyCount "167"]
[EventDate "2005.11.19"]
[EventType "team"]
[EventRounds "11"]
[EventCountry "AUT"]
[SourceTitle "EXT 2006"]
[Source "ChessBase"]
[SourceDate "2005.11.24"]
[SourceVersion "1"]
[SourceVersionDate "2005.11.24"]
[SourceQuality "1"]
[WhiteTeam "Tschaturanga"]
[BlackTeam "Mattersburg"]
[WhiteTeamCountry "AUT"]
[BlackTeamCountry "AUT"]

1. e4 e5 2. Nf3 Nc6 3. Bb5 a6 4. Ba4 d6 5. c3 Nf6 6. d4 Bd7 7. 0-0 Be7 8. Re1 0-0 9. Nbd2 Re8 10. Nf1 Bf8 11. Ng3 h6 12. h3 g6 13. a3 Bg7 14. Bc2 Kh7 15. Be3 Qe7 16. Qd2 b6 17. dxe5 Nxe5 18. Nxe5 dxe5 19. Rad1 Bc6 20. f3 Red8 21. Qe2 a5 22. Bb3 Nd7 23. Qc4 Qf6 24. Qxf7 Qxf7 25. Bxf7 Bf8 26. Bd5 Bxd5 27. Rxd5 Bd6 28. Red1 Rdb8 29. c4 Kg7 30. Ne2 Nf6 31. R5d2 a4 32. Nc3 g5 33. Nd5 Nxd5 34. Rxd5 Kf6 35. Kf2 Ke6 36. h4 gxh4 37. Rh1 Be7 38. Bxh6 c6 39. Rd2 b5 40. cxb5 Rxb5 41. Rc1 c5 42. Be3 Rab8 43. Rcc2 Rb3 44. Re2 R3b5 45. Bc1 Rb3 46. Rc4 Bf8 47. Re3 R3b6 48. Rd3 Ra8 49. Kg1 Rd6 50. Rxd6+ Kxd6 51. Bd2 Kc6 52. Rc2 Kb5 53. Bc3 Bd6 54. Rd2 Kc6 55. Kh2 Rh8 56. Kh3 Rh6 57. Rd5 Kb5 58. Kg4 Bc7 59. Rd7 Kc6 60. Kg5 Re6 61. Rd5 h3 62. gxh3 Re8 63. Rd3 c4 64. Rd5 Rg8+ 65. Kh4 Bd8+ 66. Rxd8 Rxd8 67. Bxe5 Rg8 68. f4 Kd7 69. Kh5 Rg3 70. h4 Ke6 71. Bc3 Re3 72. f5+ Kf7 73. e5 Rg3 74. e6+ Ke7 75. Be5 Rg1 76. Bd4 Rg2 77. Kh6 Rg4 78. Bg7 Rxh4+ 79. Kg5 Rh2 80. Bf6+ Kf8 81. Kg6 Rg2+ 82. Bg5 Rxb2 83. f6 Rg2 84. e7+ 1-0

[Event "AUT-chT2O 0506"]
[Site "Austria"]
[Date "2005.10.08"]
[Round "1.5"]
[White "Bukacek, Emil"]
[Black "Wallner, Alfred"]
[Result "1/2-1/2"]
[WhiteElo "2259"]
[BlackElo "2246"]
[PlyCount "59"]
[EventDate "2005.11.19"]
[EventType "team"]
[EventRounds "11"]
[EventCountry "AUT"]
[SourceTitle "EXT 2006"]
[Source "ChessBase"]
[SourceDate "2005.11.24"]
[SourceVersion "1"]
[SourceVersionDate "2005.11.24"]
[SourceQuality "1"]
[WhiteTeam "Wien Austria"]
[BlackTeam "Tschaturanga"]
[WhiteTeamCountry "AUT"]
[BlackTeamCountry "AUT"]

1. e4 c5 2. Nc3 Nc6 3. f4 g6 4. Nf3 Bg7 5. Bb5 Nd4 6. Nxd4 cxd4 7. Ne2 Nf6 8. e5 Nd5 9. c3 Nc7 10. Nxd4 0-0 11. Be2 d6 12. Nf3 dxe5 13. fxe5 b5 14. d4 Bb7 15. 0-0 Qd7 16. Qe1 Rac8 17. Qh4 Ne6 18. Ng5 Nxg5 19. Bxg5 f6 20. exf6 exf6 21. Bd2 b4 22. Bf3 bxc3 23. Bxb7 Qxb7 24. Bxc3 Rfe8 25. Rfe1 Qd5 26. a3 f5 27. Rad1 h6 28. Qg3 g5 29. Qf3 Rxe1+ 30. Rxe1 1/2-1/2

[Event "AUT-chT2O 0405"]
[Site "Austria"]
[Date "2005.04.10"]
[Round "11.4"]
[White "Wiedner, Robert"]
[Black "Wallner, Alfred"]
[Result "1/2-1/2"]
[WhiteElo "2216"]
[BlackElo "2232"]
[PlyCount "28"]
[EventDate "2004.10.09"]
[EventType "team-tourn"]
[EventRounds "11"]
[EventCountry "AUT"]
[SourceTitle "EXT 2005"]
[Source "ChessBase"]
[SourceDate "2004.11.15"]
[SourceVersion "1"]
[SourceVersionDate "2004.11.15"]
[SourceQuality "1"]
[WhiteTeam "Neustaed SV"]
[BlackTeam "Tschaturanga II"]
[WhiteTeamCountry "AUT"]
[BlackTeamCountry "AUT"]

1. c4 c5 2. Nf3 g6 3. d4 Bg7 4. Nc3 cxd4 5. Nxd4 Nc6 6. e3 Nh6 7. Qa4 Nxd4 8. exd4 Nf5 9. d5 0-0 10. Bd3 d6 11. 0-0 Bd7 12. Qd1 Qb6 13. Ne2 Rac8 14. Rb1 a6 1/2-1/2

[Event "AUT-chT2O 0405"]
[Site "Austria"]
[Date "2005.01.29"]
[Round "5.5"]
[White "Wallner, Alfred"]
[Black "Allacher, Erwin"]
[Result "1-0"]
[WhiteElo "2232"]
[BlackElo "2147"]
[PlyCount "109"]
[EventDate "2004.10.09"]
[EventType "team-tourn"]
[EventRounds "11"]
[EventCountry "AUT"]
[SourceTitle "EXT 2005"]
[Source "ChessBase"]
[SourceDate "2004.11.15"]
[SourceVersion "1"]
[SourceVersionDate "2004.11.15"]
[SourceQuality "1"]
[WhiteTeam "Tschaturanga II"]
[BlackTeam "Gols Raiba"]
[WhiteTeamCountry "AUT"]
[BlackTeamCountry "AUT"]

1. e4 c5 2. Nf3 Nc6 3. d4 cxd4 4. Nxd4 Nf6 5. Nc3 e5 6. Ndb5 d6 7. Bg5 a6 8. Na3 b5 9. Bxf6 gxf6 10. Nd5 f5 11. c3 Bg7 12. exf5 Bxf5 13. Nc2 0-0 14. Nce3 Be6 15. g3 Rb8 16. Bg2 b4 17. 0-0 bxc3 18. bxc3 Qa5 19. Kh1 f5 20. f4 Qc5 21. Nc7 Bf7 22. Nxf5 Bc4 23. Nxg7 Kxg7 24. Qg4+ Kh8 25. Ne6 Bxe6 26. Qxe6 Rbe8 27. Qd7 Nb8 28. Qb7 exf4 29. Be4 Qh5 30. gxf4 Rf7 31. Qd5 Qxd5 32. Bxd5 Rf5 33. c4 a5 34. Rab1 Na6 35. Rb5 a4 36. Bc6 Ref8 37. Rxf5 Rxf5 38. Bxa4 Ra5 39. Bb3 Nc5 40. Rd1 Ra6 41. Rg1 Rb6 42. Rg3 Rb8 43. Kg2 Rf8 44. Rg4 Rb8 45. Rg3 Rf8 46. Kf3 Rb8 47. Kg4 Rf8 48. Re3 Rg8+ 49. Kf3 Rb8 50. Kg4 Rg8+ 51. Kf5 Rf8+ 52. Kg5 Rg8+ 53. Kf6 Rg6+ 54. Ke7 h5 55. f5 1-0

[Event "AUT-chT 0405"]
[Site "Austria"]
[Date "2004.11.21"]
[Round "3"]
[White "Knoll, Hermann"]
[Black "Wallner, Alfred"]
[Result "1/2-1/2"]
[WhiteElo "2356"]
[BlackElo "2232"]
[PlyCount "82"]
[EventDate "2004.11.19"]
[EventType "team"]
[EventRounds "11"]
[EventCountry "AUT"]
[SourceTitle "EXT 2006"]
[Source "ChessBase"]
[SourceDate "2005.11.24"]
[SourceVersion "1"]
[SourceVersionDate "2005.11.24"]
[SourceQuality "1"]
[WhiteTeam "Ansfelden"]
[BlackTeam "Tschaturanga"]
[WhiteTeamCountry "AUT"]
[BlackTeamCountry "AUT"]

1. d4 Nf6 2. Nf3 g6 3. c4 Bg7 4. Nc3 0-0 5. e4 d6 6. Be2 e5 7. d5 a5 8. Be3 Ng4 9. Bg5 f6 10. Bh4 Qe8 11. Nd2 f5 12. h3 Nf6 13. g4 Na6 14. f3 Bd7 15. Bf2 b6 16. Rb1 Nc5 17. b3 Rf7 18. a3 Bh6 19. exf5 gxf5 20. Rg1 fxg4 21. hxg4 Bf4 22. Qc2 e4 23. Bxc5 bxc5 24. Ndxe4 Qe5 25. Qd3 Re8 26. Kd1 Nxe4 27. Nxe4 a4 28. b4 cxb4 29. Rxb4 c6 30. Kc2 cxd5 31. Qxd5 Qg7 32. Rgb1 Be6 33. Qd3 Rc7 34. Rb8 Rec8 35. Rxc8+ Rxc8 36. Kd1 Qe5 37. Rb7 Bf7 38. Qc3 Qxc3 39. Nxc3 Bxc4 40. Bxc4+ Rxc4 41. Ne4 Be5 1/2-1/2

[Event "AUT-chT2O 0304"]
[Site "Austria"]
[Date "2004.02.28"]
[Round "10.5"]
[White "Fusi, Christoph"]
[Black "Wallner, Alfred"]
[Result "1/2-1/2"]
[WhiteElo "2241"]
[BlackElo "2241"]
[PlyCount "36"]
[EventDate "2003.10.25"]
[EventType "team-tourn"]
[EventRounds "11"]
[EventCountry "AUT"]
[SourceTitle "EXT 2005"]
[Source "ChessBase"]
[SourceDate "2004.11.15"]
[SourceVersion "1"]
[SourceVersionDate "2004.11.15"]
[SourceQuality "1"]
[WhiteTeam "Donau Schach Mattes"]
[BlackTeam "Tschaturanga II"]
[WhiteTeamCountry "AUT"]
[BlackTeamCountry "AUT"]

1. e4 c5 2. Nf3 d6 3. d4 Nf6 4. Nc3 cxd4 5. Nxd4 a6 6. Be3 e6 7. f3 Be7 8. Qd2 Nc6 9. g4 0-0 10. h4 Nxd4 11. Qxd4 b5 12. 0-0-0 Bb7 13. h5 e5 14. Qd2 b4 15. Nd5 Nxd5 16. exd5 a5 17. Bd3 h6 18. Be4 Bg5 1/2-1/2

[Event "AUT-chT2O 0304"]
[Site "Austria"]
[Date "2004.01.31"]
[Round "8.5"]
[White "Achs, Reinhold"]
[Black "Wallner, Alfred"]
[Result "1/2-1/2"]
[WhiteElo "2140"]
[BlackElo "2241"]
[PlyCount "82"]
[EventDate "2003.10.25"]
[EventType "team-tourn"]
[EventRounds "11"]
[EventCountry "AUT"]
[SourceTitle "EXT 2005"]
[Source "ChessBase"]
[SourceDate "2004.11.15"]
[SourceVersion "1"]
[SourceVersionDate "2004.11.15"]
[SourceQuality "1"]
[WhiteTeam "Gols Raiba"]
[BlackTeam "Tschaturanga II"]
[WhiteTeamCountry "AUT"]
[BlackTeamCountry "AUT"]

1. c4 g6 2. Nc3 c5 3. b3 Bg7 4. Bb2 Nc6 5. g3 e5 6. Bg2 Nge7 7. e3 0-0 8. Nge2 d6 9. 0-0 Bg4 10. h3 Be6 11. d3 Qd7 12. Kh2 Rad8 13. e4 f5 14. Qd2 f4 15. gxf4 exf4 16. f3 g5 17. Nd5 Ng6 18. Rf2 Nh4 19. d4 Bxd5 20. cxd5 Nb4 21. a3 Na6 22. Rc1 b6 23. Bf1 Nc7 24. b4 Rb8 25. dxc5 Bxb2 26. Qxb2 bxc5 27. Qc2 Na6 28. Ng1 Nxb4 29. axb4 Rxb4 30. Rb1 a5 31. Rxb4 axb4 32. Qb3 Ra8 33. Ra2 Ra7 34. Ra6 Qg7 35. Rxa7 Qxa7 36. Bc4 Qa1 37. Qa2 Qe1 38. Qe2 Qc3 39. Qd3 Qe1 40. Qe2 Qc3 41. Qd3 Qe1 1/2-1/2

[Event "AUT-chT 0203"]
[Site "Austria"]
[Date "2003.01.26"]
[Round "8"]
[White "Wallner, Alfred"]
[Black "Singer, Richard"]
[Result "0-1"]
[WhiteElo "2242"]
[BlackElo "2281"]
[PlyCount "40"]
[EventDate "2002.12.05"]
[EventType "team-tourn"]
[EventRounds "11"]
[EventCountry "AUT"]
[SourceTitle "EXT 2004"]
[Source "ChessBase"]
[SourceDate "2003.11.25"]
[SourceVersion "1"]
[SourceVersionDate "2003.11.25"]
[SourceQuality "1"]
[WhiteTeam "Tschaturanga"]
[BlackTeam "Frohnleiten"]
[WhiteTeamCountry "AUT"]
[BlackTeamCountry "AUT"]

1. e4 g6 2. d4 Bg7 3. Nc3 c5 4. Be3 Qa5 5. Qd2 cxd4 6. Bxd4 Bxd4 7. Qxd4 Nf6 8. 0-0-0 Nc6 9. Qe3 d6 10. Bc4 Bg4 11. Rd2 Rc8 12. Nd5 Nb4 13. Nxf6+ exf6 14. Qb3 Rxc4 15. Qxc4 Nxa2+ 16. Kb1 Qxd2 17. Nf3 Bxf3 18. Qc8+ Ke7 19. Qxh8 Bxg2 20. Rg1 Nb4 0-1

[Event "AUT-chT2O 0102"]
[Site "Austria"]
[Date "2002.03.10"]
[Round "11.6"]
[White "Wallner, Alfred"]
[Black "Knoflicek, Ctibor"]
[Result "1/2-1/2"]
[WhiteElo "2192"]
[BlackElo "2163"]
[PlyCount "47"]
[EventDate "2001.11.??"]
[EventType "team"]
[EventRounds "11"]
[EventCountry "AUT"]
[SourceTitle "EXT 2003"]
[Source "ChessBase"]
[SourceDate "2002.11.25"]
[SourceVersion "1"]
[SourceVersionDate "2002.11.25"]
[SourceQuality "1"]

1. e4 c5 2. Nf3 d6 3. d4 Nf6 4. Nc3 cxd4 5. Nxd4 a6 6. Be3 Ng4 7. Bg5 h6 8. Bh4 g5 9. Bg3 Bg7 10. h3 Ne5 11. Be2 Nbc6 12. Nb3 Be6 13. Nd5 Rc8 14. a4 Bxd5 15. exd5 Na5 16. 0-0 Nec4 17. Nxa5 Qxa5 18. Bxc4 Rxc4 19. Bxd6 Rd4 20. Qe2 0-0 21. Qxe7 Qxd5 22. Bg3 Rd2 23. Qc7 f5 24. c4 1/2-1/2

[Event "AUT-chT2O 0001"]
[Site "Austria"]
[Date "2001.??.??"]
[Round "6"]
[White "Wallner, Alfred"]
[Black "Kuthan, Andreas"]
[Result "0-1"]
[WhiteElo "2225"]
[BlackElo "2190"]
[PlyCount "40"]
[EventDate "2000.??.??"]
[EventType "team"]
[EventRounds "11"]
[EventCountry "AUT"]
[SourceTitle "EXT 2003"]
[Source "ChessBase"]
[SourceDate "2002.11.25"]
[SourceVersion "1"]
[SourceVersionDate "2002.11.25"]
[SourceQuality "1"]

1. e4 e6 2. d4 d5 3. Nd2 a6 4. Ngf3 c5 5. dxc5 Bxc5 6. Bd3 Ne7 7. 0-0 Nbc6 8. a3 0-0 9. b4 Ba7 10. Bb2 Ng6 11. g3 dxe4 12. Nxe4 e5 13. Nfg5 h6 14. Qh5 Qd7 15. Nf3 Qg4 16. Qxg4 Bxg4 17. Kg2 Rad8 18. Rad1 f5 19. Bc4+ Kh7 20. Rxd8 Bxf3+ 0-1

[Event "AUT-chT2O 0001"]
[Site "Austria"]
[Date "2001.??.??"]
[Round "8"]
[White "Wallner, Alfred"]
[Black "Voegel, Wolfgang"]
[Result "1/2-1/2"]
[WhiteElo "2225"]
[BlackElo "2170"]
[PlyCount "137"]
[EventDate "2000.??.??"]
[EventType "team"]
[EventRounds "11"]
[EventCountry "AUT"]
[SourceTitle "EXT 2003"]
[Source "ChessBase"]
[SourceDate "2002.11.25"]
[SourceVersion "1"]
[SourceVersionDate "2002.11.25"]
[SourceQuality "1"]

1. e4 c5 2. Nf3 Nc6 3. d4 cxd4 4. Nxd4 e5 5. Nb5 d6 6. N1c3 a6 7. Na3 Be6 8. Nc4 Be7 9. Nd5 b5 10. Nxe7 Kxe7 11. Ne3 Kf8 12. a4 b4 13. Bd3 Nge7 14. 0-0 Qc7 15. Bd2 a5 16. c3 Rb8 17. Qe2 g6 18. Rfc1 Qd7 19. Bb5 bxc3 20. Bxc3 Qa7 21. Rd1 Rd8 22. Nc4 Qc7 23. Qd2 Bxc4 24. Bxc4 Kg7 25. Rac1 Qb6 26. Kh1 Rhf8 27. f4 f6 28. Rf1 Qc5 29. Bb5 Qb6 30. Rcd1 Qc7 31. Qe1 Qb6 32. Rd3 Qc5 33. Rh3 Nd4 34. Qh4 h5 35. Qg3 Nxb5 36. axb5 Qxb5 37. Ra1 Rc8 38. f5 Qe2 39. Re1 Qg4 40. Qd3 Rfd8 41. Bxa5 Rd7 42. Bd2 h4 43. fxg6 Nxg6 44. Rf3 d5 45. exd5 Rc4 46. h3 Qd4 47. Qf5 Rd6 48. Bc3 Qxd5 49. Rf2 Qd3 50. Qxd3 Rxd3 51. Ra1 Nf4 52. Ra6 Rd1+ 53. Kh2 Nh5 54. Rf3 Re4 55. Ra7+ Kg6 56. Ra8 Re2 57. Rg8+ Ng7 58. Rf8 f5 59. Rh8 Kg5 60. Rg8 Kg6 61. Rh8 Nh5 62. Rxh5 Kxh5 63. Rxf5+ Kg6 64. Rxe5 Rxe5 65. Bxe5 Kf5 66. Bc3 Rc1 67. Bd4 Rd1 68. Bc5 Kg5 69. Be7+ 1/2-1/2

[Event "AUT-chT2O 0001"]
[Site "Austria"]
[Date "2000.??.??"]
[Round "?"]
[White "Bachofner, Christian"]
[Black "Wallner, Alfred"]
[Result "1-0"]
[WhiteElo "2070"]
[BlackElo "2266"]
[PlyCount "81"]
[EventDate "2000.??.??"]
[EventType "team"]
[EventRounds "11"]
[EventCountry "AUT"]
[SourceTitle "EXT 2002"]
[Source "ChessBase"]
[SourceDate "2001.11.25"]
[SourceVersion "1"]
[SourceVersionDate "2001.11.25"]
[SourceQuality "1"]

1. e4 c5 2. Nf3 e6 3. d4 cxd4 4. Nxd4 Nf6 5. Bd3 Nc6 6. Nxc6 bxc6 7. Nd2 e5 8. Nc4 Be7 9. 0-0 d6 10. h3 0-0 11. Qe2 Be6 12. b3 Qc7 13. Bb2 Rae8 14. Kh1 g6 15. g4 h5 16. f3 hxg4 17. hxg4 Kg7 18. Kg2 Rh8 19. Rh1 Nd7 20. f4 f6 21. f5 Bxc4 22. Bxc4 d5 23. exd5 cxd5 24. Bxd5 Nb6 25. Be4 gxf5 26. gxf5 Reg8 27. Rxh8 Rxh8 28. Rh1 Rg8 29. Kf3 Bc5 30. Qd2 Kf8 31. Qh6+ Qg7 32. Qxg7+ Rxg7 33. a4 Ke7 34. a5 Nc8 35. Bd5 Nd6 36. Rh5 Nb5 37. c4 Nc7 38. Be4 Bb4 39. Rh6 Ne8 40. a6 Nd6 41. Bxe5 1-0

[Event "AUT-chT2O 0001"]
[Site "Austria"]
[Date "2000.??.??"]
[Round "?"]
[White "Hofbauer, Peter"]
[Black "Wallner, Alfred"]
[Result "1/2-1/2"]
[WhiteElo "2065"]
[BlackElo "2265"]
[PlyCount "134"]
[EventDate "2000.??.??"]
[EventType "team"]
[EventRounds "11"]
[EventCountry "AUT"]
[SourceTitle "EXT 2003"]
[Source "ChessBase"]
[SourceDate "2002.11.25"]
[SourceVersion "1"]
[SourceVersionDate "2002.11.25"]
[SourceQuality "1"]

1. e4 c5 2. c3 Nf6 3. e5 Nd5 4. d4 cxd4 5. cxd4 e6 6. Nf3 b6 7. Be2 Bb4+ 8. Bd2 Bxd2+ 9. Qxd2 Ba6 10. 0-0 0-0 11. Nc3 Nxc3 12. bxc3 Bxe2 13. Qxe2 d5 14. exd6 Qxd6 15. c4 Nd7 16. Rac1 Rac8 17. Rfd1 Rc7 18. Rc3 Rfc8 19. Rdc1 Nb8 20. Qe3 Nc6 21. h3 Ne7 22. g3 h6 23. Qd2 Nf5 24. a4 Rd8 25. Rd3 Qc6 26. a5 Qa4 27. axb6 axb6 28. Rdc3 Rdc8 29. Qc2 Qd7 30. Rd1 Ne7 31. Qb3 Qd6 32. Qb5 Rc5 33. Qb4 R5c6 34. Qxd6 Rxd6 35. Rdc1 Nf5 36. c5 Rdc6 37. g4 Ne7 38. Ne5 R6c7 39. Nd3 bxc5 40. Rxc5 Rxc5 41. dxc5 Nc6 42. Kf1 f6 43. Rb1 e5 44. Rb7 Nd4 45. Rd7 Ne6 46. Ke2 Nxc5 47. Nxc5 Rxc5 48. h4 Rc4 49. f3 h5 50. g5 fxg5 51. hxg5 Kh7 52. Re7 Rc5 53. Kf2 Kg6 54. Kg3 Ra5 55. Kh4 Ra4+ 56. Kg3 Rf4 57. Rxe5 Rf5 58. Re7 Rxg5+ 59. Kh4 Rg1 60. Ra7 Kh6 61. Ra6+ g6 62. Rb6 Kg7 63. Ra6 Rb1 64. Rc6 Rb3 65. Kg3 g5 66. Rc7+ Kf6 67. Rc6+ Kg7 1/2-1/2

[Event "AUT-chT2O 0001"]
[Site "Austria"]
[Date "2000.??.??"]
[Round "3"]
[White "Wallner, Alfred"]
[Black "Lovrinovic, Christian"]
[Result "1-0"]
[WhiteElo "2225"]
[BlackElo "2165"]
[PlyCount "73"]
[EventDate "2000.??.??"]
[EventType "team"]
[EventRounds "11"]
[EventCountry "AUT"]
[SourceTitle "EXT 2003"]
[Source "ChessBase"]
[SourceDate "2002.11.25"]
[SourceVersion "1"]
[SourceVersionDate "2002.11.25"]
[SourceQuality "1"]

1. e4 c5 2. Nf3 d6 3. d4 cxd4 4. Nxd4 Nf6 5. Nc3 g6 6. Be3 Bg7 7. f3 Nc6 8. Qd2 0-0 9. Bc4 Bd7 10. h4 Ne5 11. Bb3 h5 12. 0-0-0 Rc8 13. Bh6 Nc4 14. Bxc4 Rxc4 15. Bxg7 Kxg7 16. g4 Rh8 17. g5 Ne8 18. Rhe1 Be6 19. e5 d5 20. Nce2 Ra4 21. a3 Nc7 22. Nf4 Rf8 23. Re3 Qd7 24. Rb3 Rb8 25. Qd3 Bf5 26. Qe3 Be6 27. Qe2 b5 28. Rc3 Rb7 29. Kb1 b4 30. Rxc7 Rxc7 31. Ndxe6+ fxe6 32. Qd3 Qe8 33. Nxe6+ Kh7 34. Nxc7 Qb8 35. Na6 Qxe5 36. Nxb4 a5 37. Qb5 1-0

[Event "AUT-chT2O 9900"]
[Site "Austria"]
[Date "1999.10.24"]
[Round "1.4"]
[White "Wallner, Alfred"]
[Black "Jelinek, Petr"]
[Result "0-1"]
[WhiteElo "2260"]
[BlackElo "2135"]
[PlyCount "56"]
[EventDate "1999.??.??"]
[EventType "team"]
[EventRounds "11"]
[EventCountry "AUT"]
[SourceTitle "EXT 2001"]
[Source "ChessBase"]
[SourceDate "2000.11.22"]
[SourceVersion "1"]
[SourceVersionDate "2000.11.22"]
[SourceQuality "1"]

1. e4 d6 2. d4 c6 3. Nc3 Nd7 4. Nf3 e5 5. Bc4 Be7 6. 0-0 Ngf6 7. Re1 0-0 8. h3 Qc7 9. a4 h6 10. a5 Re8 11. Nh4 Nf8 12. dxe5 dxe5 13. Nf5 Bxf5 14. exf5 Bb4 15. Bd2 Rad8 16. Qe2 Bxa5 17. Red1 Bb6 18. Qf3 e4 19. Qe2 Qe5 20. Be3 Qxf5 21. Bxb6 axb6 22. Ra7 Rxd1+ 23. Qxd1 Qc8 24. Qa1 b5 25. Bb3 e3 26. fxe3 Rxe3 27. Qa2 Qd7 28. Ra8 Re1+ 0-1

[Event "AUT-chT2M 9899"]
[Site "Austria"]
[Date "1999.03.14"]
[Round "11"]
[White "Brestan, Peter"]
[Black "Wallner, Alfred"]
[Result "0-1"]
[WhiteElo "2021"]
[BlackElo "2270"]
[PlyCount "72"]
[EventDate "1998.11.??"]
[EventType "team-swiss"]
[EventRounds "11"]
[EventCountry "AUT"]
[SourceTitle "EXT 2000"]
[Source "ChessBase"]
[SourceDate "1999.11.16"]
[SourceVersion "1"]
[SourceVersionDate "1999.11.16"]
[SourceQuality "1"]

1. c4 g6 2. Nc3 c5 3. Nf3 Bg7 4. g3 Nc6 5. Bg2 e5 6. 0-0 Nge7 7. d3 0-0 8. Ne1 f5 9. f4 d6 10. Nc2 a6 11. Ne3 Rb8 12. a4 Nb4 13. Ned5 Nbxd5 14. Nxd5 Be6 15. Nxe7+ Qxe7 16. a5 Rfe8 17. Qc2 Bd7 18. e3 Bc6 19. Bd2 e4 20. dxe4 Bxe4 21. Bxe4 Qxe4 22. Rfc1 b5 23. axb6 Rxb6 24. Ra2 Qb7 25. Rb1 Rb3 26. Ra3 Rb8 27. Rxb3 Qxb3 28. Qxb3 Rxb3 29. Bc1 Rd3 30. Kf2 Rd1 31. Ke2 Rh1 32. h4 Kf7 33. Ra1 Bf6 34. Kd2 Rg1 35. Rxa6 Be7 36. Kd3 Rxc1 0-1

[Event "AUT-chT2M 9899"]
[Site "Austria"]
[Date "1999.03.13"]
[Round "10"]
[White "Wallner, Alfred"]
[Black "Gottsmann, Herbert"]
[Result "1-0"]
[WhiteElo "2270"]
[BlackElo "2145"]
[PlyCount "53"]
[EventDate "1998.11.??"]
[EventType "team-swiss"]
[EventRounds "11"]
[EventCountry "AUT"]
[SourceTitle "EXT 2000"]
[Source "ChessBase"]
[SourceDate "1999.11.16"]
[SourceVersion "1"]
[SourceVersionDate "1999.11.16"]
[SourceQuality "1"]

1. e4 e6 2. d4 d5 3. Nd2 Nf6 4. e5 Nfd7 5. Bd3 c5 6. c3 Nc6 7. Ne2 cxd4 8. cxd4 f6 9. exf6 Nxf6 10. 0-0 Bd6 11. Nf3 Qc7 12. g3 0-0 13. Bf4 Bd7 14. Rc1 Bxf4 15. Nxf4 Qb6 16. Qd2 Ne4 17. Qe3 Nd6 18. Ne5 Nxe5 19. Qxe5 Nf5 20. Rc7 Rad8 21. Rc5 Rde8 22. Rc7 Rd8 23. Rxd7 Rxd7 24. Nxe6 Re7 25. Bxf5 Rxf5 26. Qb8+ Kf7 27. Qf8+ 1-0

[Event "AUT-chT2M 9899"]
[Site "Austria"]
[Date "1999.01.24"]
[Round "7"]
[White "Wallner, Alfred"]
[Black "Peterwagner, Heinz"]
[Result "1-0"]
[WhiteElo "2270"]
[BlackElo "2215"]
[PlyCount "99"]
[EventDate "1998.11.??"]
[EventType "team-swiss"]
[EventRounds "11"]
[EventCountry "AUT"]
[SourceTitle "EXT 2000"]
[Source "ChessBase"]
[SourceDate "1999.11.16"]
[SourceVersion "1"]
[SourceVersionDate "1999.11.16"]
[SourceQuality "1"]

1. e4 c5 2. Nf3 Nc6 3. d4 cxd4 4. Nxd4 Nf6 5. Nc3 e5 6. Ndb5 d6 7. Bg5 a6 8. Na3 b5 9. Bxf6 gxf6 10. Nd5 Bg7 11. c3 f5 12. exf5 Bxf5 13. Nc2 0-0 14. Nce3 Be6 15. Bd3 f5 16. Qh5 Qd7 17. a4 Rab8 18. axb5 axb5 19. Ra6 Kh8 20. 0-0 b4 21. Rd1 bxc3 22. bxc3 Rb2 23. Nb6 Qb7 24. Nbc4 Qxa6 25. Nxb2 Qc8 26. Nbc4 e4 27. Nxd6 Qc7 28. Bc4 Bxc4 29. Nexc4 Ne7 30. Nf7+ Kg8 31. Ncd6 Qxc3 32. Ng5 h6 33. Ne6 Qf6 34. Nxf8 Bxf8 35. g3 Qe6 36. Qe2 Kh7 37. Qc4 Qe5 38. Qf7+ Bg7 39. Ne8 e3 40. Nxg7 exf2+ 41. Kxf2 Qb2+ 42. Kf1 Qb5+ 43. Kg1 Qb6+ 44. Kg2 Qb2+ 45. Kh3 Qxg7 46. Qxg7+ Kxg7 47. Rd7 Kf6 48. Kh4 Ng6+ 49. Kh5 Ne5 50. Rd6+ 1-0